000 00253nam a2200109 4500
008 160625b xxu||||| |||| 00| 0 eng d
100 _91204
_a Michael, et al
245 _aTara
260 _aN.Y
_b Hawthorne Books
_c1974
300 _aTara
942 _2ddc
_cBK
999 _c980
_d980